000 00343nam a2200145 i 4500
001 bg
100 1 _aMOKRZYSZCZAK, Halina
245 0 _aƁadunkoznawstwo /
_cHalina Mokrzyszczak.
250 _aWyd.2 zm. i uzup.
260 _aWarszawa,
_c1977.
040 _cBPK
041 _apol
942 _cKS
008 s pl f |000 0 pol
999 _c17205
_d17205
856 _uhttp://koha.tu.koszalin.pl/cgi-bin/koha/opac-detail.pl?biblionumber=17205
_yKatalog online BPK